000 00238nam a22001097a 4500
100 _aRao,S. Sreenivas
245 _aHand Book For Writers & Editors
250 _a2002
260 _bAhmedabad Management
300 _a139
942 _2ddc
_cBK
999 _c11513
_d11513